000 00420pab a2200157 454500
008 180718b2013 xxu||||| |||| 00| 0 eng d
100 _aSharma, Bhawna
245 _aThe European Union - Candidates for accession: A political analysis
260 _c2013
300 _ap.575-598.
362 _aJul-Sep
650 _aEuropean Union
773 _aIndian Journal of Political Science
908 _aN
909 _a105979
999 _c105974
_d105974